000 00776nam a2200217Ia 4500
001 9767
003 GE_BSU
008 181216s||||||||xx |||||||||||||| ||und||
040 _cGE_BSU
080 _a82-93
100 _aნარიმანიძე,იური
245 _aპირველოქტაველთა ოჯახი
245 _bზღაპარი უმცროს სასკ. ასაკის ბავშვთ.
245 _cრედ.ჯ.ბაჯელიძე.მხატვ.ე.ამბოკაძე
260 _aთბილისი
260 _bნაკადული
260 _c1980
300 _a93გვ.ილ.20სმ.
653 _aპირველოქტაველთა ოჯახი
942 _cBK
999 _c43047
_d43047